Lost cities, ancient tombs : 100 discoveries that changed the world /

The story of human civilization, as told through 100 key discoveries spanning six continents, including firsthand reports from explorers, scientists and antiquarians.

Bibliographic Details
Other Authors: Williams, Ann R. (Editor), Hiebert, Fredrik T. (Fredrik Talmage) (writer of afterword.)
Format: Book
Language:English
Published: Washington, D.C. : National Geographic, [2021].
Subjects:

MARC

Tag First Indicator Second Indicator Subfields
LEADER 00000cam a2200000 i 4500
001 in00004553404
003 OCoLC
005 20220322172413.3
008 210421s20212021dcua 001 0 eng
010 |a  2021014585 
040 |a DLC  |e rda  |c DLC 
020 |a 9781426221989  |q hardcover 
020 |a 1426221983  |q hardcover 
020 |z 9781426221996  |q electronic book 
035 |a (OCoLC)1241245765 
050 0 0 |a CC165  |b .L628 2021 
082 0 0 |a 930.1  |2 23 
245 0 0 |a Lost cities, ancient tombs :  |b 100 discoveries that changed the world /  |c Ann R. Williams, general editor ; introduction by Douglas Preston ; afterword by Fredrik Hiebert. 
264 1 |a Washington, D.C. :  |b National Geographic,  |c [2021]. 
264 4 |c ©2021. 
300 |a 512 pages :  |b chiefly color illustrations ;  |c 24 cm. 
336 |a text  |b txt  |2 rdacontent 
336 |a still image  |b sti  |2 rdacontent 
337 |a unmediated  |b n  |2 rdamedia 
338 |a volume  |b nc  |2 rdacarrier 
500 |a Includes index. 
520 |a The story of human civilization, as told through 100 key discoveries spanning six continents, including firsthand reports from explorers, scientists and antiquarians. 
650 0 |a Archaeology. 
650 0 |a Civilization, Ancient. 
650 0 |a Extinct cities. 
650 0 |a Tombs. 
650 7 |a SOCIAL SCIENCE / Archaeology.  |2 bisacsh 
700 1 |a Williams, Ann R.,  |e editor. 
700 1 |a Preston, Douglas J.,  |e writer of introduction. 
700 1 |a Hiebert, Fredrik T.  |q (Fredrik Talmage),  |e writer of afterword. 
945 |b 190935 
947 |a A14851671058 
948 |a dmitchel 3/22/22 12.20.10 
980 |b print  |c 40030903140  |f NONFIC/B  |g 565714  |k USD  |m 28.35  |q 1  |s AcqMono Conventional  |t Approval plan  |u Vendor order reference number  |v ZYBP  |y Print approval  |z Physical resource 
999 f f |i fc99ea45-c36d-4ff9-955e-d830407e0f7a  |s ada9d31a-4e83-4f45-8566-de33629713a0  |t 0 
952 f f |p normal  |a Texas A&M University  |b College Station  |c Sterling C. Evans Library  |s Evans stk  |d Evans: Library Stacks  |t 0  |e CC165 .L628 2021  |h Library of Congress classification  |i unmediated -- volume  |m A14851671058